Movies Quiz

Random Movies or Decade Quiz

Five Decade Movie Medley II Quiz Stats

 Plays Quiz Updated Feb 4, 2018

Challenge
Share
Tweet
Score 0/25 Timer 07:00
4 Plays Today
Hint Answer % Correct
1980s SequelsBack to the Future Part II
96.5%
Rocky IV
96.3%
Star Wars: Episode V - The Empire Strikes Back
96%
1990s ShakespeareRomeo + Juliet
93.1%
Captain America: The First Avenger
89.7%
1940s Humphrey BogartCasablanca
87.5%
Thor
86.8%
2010s Marvel CinematicThe Avengers
79.9%
Guardians of the Galaxy
77.8%
Aliens
77.4%
Hamlet
72.3%
The Parent Trap
71.3%
Ant-Man
69.6%
Hint Answer % Correct
Othello
63.8%
10 Things I Hate About You
63.6%
1960s ComediesDr. Strangelove or: How I Learned to Stop Worrying and Love the Bomb
63.6%
The Maltese Falcon
54.3%
The Producers
52.7%
Shakespeare in Love
50.5%
The Treasure of the Sierra Madre
35.6%
The Big Sleep
24.3%
It's a Mad, Mad, Mad, Mad World
24%
Poltergeist II: The Other Side
12.6%
High Sierra
6.8%
Bedazzled
5%

You're not logged in!

Compare scores with friends on all Sporcle quizzes.
Join for Free
OR
Log In

You Might Also Like...

Show Comments

Extras

Top Quizzes Today


Score Distribution

Your Account Isn't Verified!

In order to create a playlist on Sporcle, you need to verify the email address you used during registration. Go to your Sporcle Settings to finish the process.

Report this User

Report this user for behavior that violates our Community Guidelines.

Details: